Spot the Odd Ones Out - Statistics

General Stats
  • This quiz has been taken 16 times
  • The average score is 5 of 6
Answers on the Grid
Answers color-coded by a green-red scale on the quiz's grid according to % correct below.
common
common
common
common
common
common
common
common
common
common
common
common
common
common
common
common
common
common
common
common
common
common
common
common
common
common
common
common
common
common
common
common
common
common
common
common
common
common
common
common
common
common
common
common
comnom
cornmon
comrnon
commun
comman
commor
 
Answer Stats
Answer % Correct
commun
100%
commor
89%
cornmon
89%
comman
78%
comnom
78%
comrnon
78%
No matching quizzes found
Score Distribution
Percent of People with Each Score
Percentile by Number Answered
Your Score History
You have not taken this quiz